Дело по отношению военного министра о дозволении дворовой девушке Ефимовой вступить в брак с унтер-офицером Васильевым

Доступно только в Электронных читальных залах Найти на картеНа карте
RUSMARC
00003723nmc2a22000003x 450
001bd9217a4-6f6f-4822-a3f8-fe6346924ef1
00520200320141229.0
100##$a20180514l18561856k l0rusy0189 ca
1010#$arus
102##$aRU
2001#$aДело по отношению военного министра о дозволении дворовой девушке Ефимовой вступить в брак с унтер-офицером Васильевым
$j16 июля - 27 декабря 1856 г.
251##$cДело
300##$aДело
801#0$aRU
$bРГИА
$c20180514
$gRCR
801#1$aRU
$bГлавНИВЦ
$c20180514
$2rusmarc
801#2$aRU
$bПБ им. Б.Н. Ельцина
$c20200320
$gRCR
$2rusmarc
850##$aРГИА
852##$aРГИА
$eФедеральное казенное учреждение "Российский государственный исторический архив" (РГИА)
$j713
937##$hРГИА
$d12276967
$aASBIBLIO_SCAN
462#0$1001b46a5719-8593-4d30-9a1d-d57613f479cd
$12001
$aДела Департамента полиции исполнительной МВД за 1856 год
$1251
$cОпись
$1852
$j17
$l1856 г.
461#0$10013e300ed0-cd39-49af-8489-5ba5b90fa401
$12001
$aДепартамент полиции исполнительной МВД
$1251
$cФонд
$1852
$j1286
215##$a10 л.
$d36,5х26 см
371##$aДокумент не является опубликованным и широко распространяемым
105##$ay###
1222#$ad
035##$abd9217a4-6f6f-4822-a3f8-fe6346924ef1
856##$uhttp://readingroom.main.prlib.ru/item.aspx?id_node=n143618615&mode=full
Формат отображения